00939nam a2200277Ia 450000500170000000800270001702000180004410000210006224501060008325000170018930000490020653400230025565000250027865000410030365000390034470000400038370000450042394200150046826400280048333600270051133700330053833800280057104000350059908400120063499900150064620220317000316.0141031s9999 ck 000 0 spa d a97884982558431 aCarlioz, Pauline13aUn amor de botón ctexto e ilustraciones de Pauline Carlioz ; traducción de Jordi Martín Lloret a1a edición a42 páginasbilustraciones en colorc23 cm. tUn amour de bouton142LEMBaAmorvPoesía142LEMBaLiteratura infantil española142LEMBaPoesía infantil española1 aCarlioz, Paulineeilustrador9191521 aMartín Lloret, Jordietraductor919153 2loccBKINF aBarcelonabCombelc2010 atextobtxt2rdacontent asin mediaciónbn2rdamedia avolumenbnc2rdacarrier aCO-BoRNBPbspaerdacCO-BoRNBP aP CAR35 c3689d3689